Tandem plus /

Guardado en:
Autor Principal: Read, Carol
Otros Autores: Matthews, Alan
Formato: Libro
Publicado: China (republic : 1949- ) : Nelson, 1991
Materias:
Etiquetas: Agregar Etiqueta
Sin Etiquetas, Sea el primero en etiquetar este registro!
LEADER 00472nam a22001815a 4500
001 CEM.cems007308
005 20060214000000.0
008 130507s1991##################000#0#####d
003 CEMS
082 0 4 |a 428.64 
100 1 |a Read, Carol 
245 1 0 |a Tandem plus / 
260 |a China (republic :  |b 1949- ) :  |b Nelson,  |c 1991 
300 |a 112 p. 
653 |a Ingles 
653 |a Ingles-textos 
700 1 |a Matthews, Alan 
859 |a CEMS  |b BIB. CEMS - 11 de abril  |h 428.64  |i R22  |p 60.99  |t Ej.1